| 000 | 02261cam a2200241 i 4500 | ||
|---|---|---|---|
| 020 | _a9789251070208 (set : pbk) | ||
| 020 | _a9251070202 (set : pbk) | ||
| 040 | _cAU@ | ||
| 082 | 0 | 4 | _a664 SAN 2011 A036 Or. |
| 245 | 0 | 0 |
_aCost-effective management tools for ensuring food quality and safety : _bfor small and medium agro-industrial enterprises / |
| 300 |
_a5 volumes : _bcolor illustrations ; _c27 cm. |
||
| 490 | 1 | _aFAO training materials for agricultural management, marketing and finance, | |
| 500 | _aIssued in slipcase. | ||
| 520 | 3 | _a"The purpose of this manual is to improve and build the capacities of small and medium agro-industrial enterprises in order to guarantee the quality and safety of food products. The approach integrates the different factors that affect the capacity of a business to produce foods to meet market expectations and recognized standards, while maintaining and increasing the profitability and life of the business. Management and technical aspects are integrated through a practical and cost-effective approach. The manual includes four modules on the following subjects: the use of market information for improving quality management; systems and tools for improving quality and safety management in agro-industry; the application of quality management principles in small and medium agro-industrial enterprises; planning as a tool for improving quality and safety management. The manual contains case studies, exercises and bibliographic references, as well as a trainers' guide ... appendices with further reading, links of interest and a glossary. The manual aims to assist trainers and entrepreneurs wishing to use the material for self-learning. With this manual, the Food and Agriculture Organization of the United Nations (FAO) provides the small and medium agro-industry sector in developing countries with an important tool for improving competitiveness and the capacity to deliver high-quality products to consumers."--P. [4] of cover. | |
| 650 | 0 | _aFood | |
| 650 | 0 | _aFood | |
| 650 | 0 | _aFood industry and trade | |
| 650 | 0 | _aFood industry and trade | |
| 700 | 1 | _aSantacoloma, Pilar. | |
| 700 | 1 | _aCuevas, Roberto, | |
| 710 | 2 | _aFood and Agriculture Organization of the United Nations. | |
| 942 | _cEK | ||
| 999 |
_c11458 _d11458 |
||